| 000 | 00435nam a22001697a 4500 | ||
|---|---|---|---|
| 005 | 20160430093500.0 | ||
| 008 | 160430b xxu||||| |||| 00| 0 eng d | ||
| 020 | _a81-7866639-1 | ||
| 041 | _aeng | ||
| 082 | _b00977 | ||
| 100 |
_aDesial Vasant _9293 |
||
| 245 | _aDynamics of entveprenurial Development & Management | ||
| 260 |
_a Mumbai _bHimalya Publishing House, _c1992 |
||
| 300 | _a741 | ||
| 650 |
_aManagement _9241 |
||
| 942 | _cBK | ||
| 999 |
_c339 _d339 |
||